00851nam a2200253 i 4500001001000000003000900010005001700019007000300036008004100039040003000080041000800110082002400118100003400142245006400176264010900240300002700349336002700376337003300403338002700436490002200463650002800485650003300513710005100546000012734DO-SdBNP20260304121117.0ta091116s1986 dr 001 f spa d aDO-SdBNPbspacBNPHUerda hspa 4aRD863.44bN714u2221 aNina T., Ramóneautor4aut.13aEl último sueño de Dionisio Patrón /cRamón Nina T. aSanto Domingo, República Dominicana : bBiblioteca Nacional Pedro Henríquez Ureña (BNPHU),c1986. a78 páginas ;c21 cm. atextobtxt2rdacontent asin mediaciónbn2rdamedia avolumenbn2rdacarrier0 aColección Orfeo 7aNovela dominicana2LEMB 7aLiteratura dominicana.2LEMB2 aBiblioteca Nacional Pedro Henríquez Ureña